ERASMUS - COMETT - LINGUA.

Vzdelávacie programy Európskeho spoločenstva, financované prevažne Spoločným trhom. Program spolupráce v oblasti vzdelávania v Európe od r. 1974. ERASMUS - európsky program pre študentov vysokých škôl k podnieteniu ich mobility. COMETT - program na spoluprácu univerzít krajín EHS v oblasti technológ...

Descrizione completa

Salvato in:
Dettagli Bibliografici
Natura: Capitolo di libro
Lingua:ungherese
Soggetti:
Tags: Aggiungi Tag
Nessun Tag, puoi essere il primo ad aggiungerne!!

MARC

LEADER 00000naa a2200000 4500
001 r006156
005 20221125113826.2
041 0 |a hun 
044 |a HU 
245 1 0 |a ERASMUS - COMETT - LINGUA. 
520 |a Vzdelávacie programy Európskeho spoločenstva, financované prevažne Spoločným trhom. Program spolupráce v oblasti vzdelávania v Európe od r. 1974. ERASMUS - európsky program pre študentov vysokých škôl k podnieteniu ich mobility. COMETT - program na spoluprácu univerzít krajín EHS v oblasti technológií, poznávanie a porovnávanie jednotlivých technológií. LINGUA - program EHS pre výučbu jazykov. Finančné krytie jednotlivých programov. 
610 2 0 |a Európske spoločenstvá 
610 2 0 |a ERASMUS 
610 2 0 |a COMETT 
610 2 0 |a LINGUA 
610 2 0 |a vzdelanie vysokoškolské 
610 2 0 |a univerzity 
610 2 0 |a študenti